01122nam a2200241Ia 4500001000900000003001000009008004100019040002500060041001200085100001800097245005700115250001100172260005600183300002800239500013600267501011400403520013600517650001500653942000700668957000600675999004100681952015800722L110-771IT-CnALBA170116s9999||||xx |||||||||||||| ||und|| aIT-CnALBAcIT-CnALBA aLATINO  aDE RAEYMAEKER 0aMETAFISICA GENERALE VOL. I ESPOSIZIONE DEL SISTEMA.  a2a ed. a LOUVAINbWARNY EM., EDITEUR c1935 [1° Ed.: n.d.] a288 p. (prefazione: 16) aENTE: SIGNIFICATO NOZIONE. IL NON ENTE. TRASCENDENTALI. ENTE MULTIPLO. REQUISITI INTRINSICI DELL'ENTE. CAUSALITA': ASPETTI ORDINE.  aSocietà San Paolo EM - Piazza San Paolo, 14 - 12051 ALBA (CN) (non commercial uses only) ® Copyright 2017 aENTE: SIGNIFICATO NOZIONE. IL NON ENTE. TRASCENDENTALI. ENTE MULTIPLO. REQUISITI INTRINSICI DELL'ENTE. CAUSALITA': ASPETTI ORDINE.  aMETAFISICA cBK 71 a869bSI g Copie: 1 c260006d260006 0010406L_11077171aALBAbALBAd2017-01-16l0oL110-771r2017-01-16 00:00:00w2017-01-16yBKz(data import: 16 gennaio 2017) - By Epidotti, Vaglietti.